| 000 | 00702na a2200265 4500 | ||
|---|---|---|---|
| 001 | 24469 | ||
| 003 | MIRAKIL | ||
| 005 | 20181213154859.0 | ||
| 008 | 181115b tu 000 0 | ||
| 020 | _a9750500343 | ||
| 040 |
_aMilas _btur _cTR-AnCHP |
||
| 041 | _atur | ||
| 082 |
_a342.56102 _bP26t 2002 |
||
| 090 | _a342.56102 P26t 2002 | ||
| 100 | _aParla, Taha | ||
| 245 |
_aTürkiye'de anayasalar _cTaha Parla |
||
| 250 | _a3. bs. | ||
| 260 |
_aİstanbul _bİletişim Yayınları _c2002 |
||
| 300 |
_a176 s. _c20 sm. |
||
| 440 |
_aİletişim Yayınları _v791 |
||
| 490 |
_aBaşvuru dizisi _v20 |
||
| 650 |
_aAnayasalar _xTürkiye |
||
| 650 |
_aAnayasa tarihi _xTürkiye |
||
| 942 |
_2dcc _cBKS |
||
| 999 |
_c2481 _d2481 |
||